zpět

Detail výsledku týmu

Záložna ST, Pardubice

Datum a čas kvízu

35.5 Celkem bodů Celkový počet nahraných bodů na tomto kvízu bez doplňovacích otázek.
4. Pořadí na kvízu Konečné umístění týmu na tomto kvízu.

Zaznamenané odpovědi

# Otázka Odpověď Body Výsledky
1. Jak se jmenuje politik, který... Marian Jurečka 1
2. Na Slovensku byl přetřásán stř... Ministerstvo životního prostředí 1
3. V pondělí jsme zažili údajně n... Blue Monday 0
4. Aféra s předraženou zakázkou n... hackathon 1
5. Čínská tenistka Wang Čhiang, 2... Serenu Williamsovou 1
6. Jelikož se o ostrovech zmiňuje... D 1
7. Nyní se podíváme na souostroví... Země Františka Josefa 1
8. Za jistou formu "ostrova" se d... B C 1
9. Ostrovid je druhové jméno jist... rys 1
10. Jak se jmenoval německý patolo... Paul Langerhans 0